=LDR 00000nam 2200000 4500 =001 000435 =005 20250710040832 =035 ##$$a 0010-0725000297 =007 ta =008 250710################a##########0#ind## =020 ##$$a 978-623-118-791-8 =082 ##$$a 398.209 598 =084 ##$$a 398.209 598 ENI m =100 #$$a Eni, Barbara =245 1#$$a MUL dan Semangkuk Garam /$c Barbara Eni =250 ##$$a Cetakan Pertama =260 ##$$a Jakarta Timur :$b Badan Pengembangan dan Pembinaan Bahasa,$c 2024 =300 ##$$a 36 hlm. : $b Ilus. ; $c 29,7 cm =856 ##$$a TBM As-suhada =990 ##$$a TBM01590159